书目信息 |
| 题名: |
材料悟语
|
|
| 作者: | 杨冬江 主编 ;清华大学美术学院 编 | |
| 分册: | ||
| 出版信息: | 北京 中国建筑工业出版社 2008.04 |
|
| 页数: | 239页 | |
| 开本: | 23cm | |
| 丛书名: | ||
| 单 册: | ||
| 中图分类: | TU-856 | |
| 科图分类: | ||
| 主题词: | 环境设计--huan jing she ji--高等学校--教学参考资料 | |
| 电子资源: | ||
| ISBN: | 978-7-112-09893-4 | |
| 000 | 01257nam0 2200253 450 | |
| 001 | 012008789304 | |
| 005 | 20240415161255.40 | |
| 010 | @a978-7-112-09893-4@dCNY59.00 | |
| 100 | @a20080902d2008 em y0chiy0120 ea | |
| 101 | 0 | @achi |
| 102 | @aCN@b110000 | |
| 105 | @aa z 000yy | |
| 200 | 1 | @a材料悟语@Acai liao wu yu@e环境艺术设计教学与社会实践@f杨冬江主编@Fyang dong jiang zhu bian@g清华大学美术学院装饰材料应用与信息研究所@Gqing hua da xue mei shu xue yuan zhuang shi cai liao ying yong yu xin xi yan jiu suo |
| 210 | @a北京@c中国建筑工业出版社@d2008.04 | |
| 215 | @a239页@c彩图@d23cm | |
| 330 | @a本书介绍了“创意未来—装饰材料创作营”活动的各个小组对各地材料企业进行实地的考察和学习情况,活动的小组包括:马赛克小组、光环境小组、板材小组、软木小组、肌理造型小组、水空间小组。 | |
| 510 | 1 | @aLight planning water texture corh mosaic@zeng |
| 517 | 1 | @a环境艺术设计教学与社会实践@Ahuan jing yi shu she ji jiao xue yu she hui shi jian |
| 606 | 0 | @a环境设计@Ahuan jing she ji@x高等学校@j教学参考资料 |
| 690 | @aTU-856@v4 | |
| 701 | 0 | @a杨冬江@Ayang dong jiang@4主编 |
| 712 | 02 | @a清华大学美术学院@Aqing hua da xue mei shu xue yuan@b装饰材料应用与信息研究所@4编 |
| 801 | 0 | @aCN@b河南城建学院图书馆@c20080902 |
| 905 | @b735356-58@dTU-856@eY162@f3 | |
| 材料悟语:环境艺术设计教学与社会实践/杨冬江主编/清华大学美术学院装饰材料应用与信息研究所.-北京:中国建筑工业出版社,2008.04 |
| 239页:彩图;23cm |
| ISBN 978-7-112-09893-4:CNY59.00 |
| 本书介绍了“创意未来—装饰材料创作营”活动的各个小组对各地材料企业进行实地的考察和学习情况,活动的小组包括:马赛克小组、光环境小组、板材小组、软木小组、肌理造型小组、水空间小组。 |
| ● |
| 相关链接 |
|
|
|
正题名:材料悟语
索取号:TU-856/Y162
 
预约/预借
| 序号 | 登录号 | 条形码 | 馆藏地/架位号 | 状态 | 备注 |
| 1 | 1232204 | 212322048 | 建筑库101/101建筑库 19排1列3层/ [索取号:TU-856/Y162] | 在馆 | |
| 2 | 1232205 | 212322057 | 建筑库101/101建筑库 19排1列3层/ [索取号:TU-856/Y162] | 在馆 | |
| 3 | 1232206 | 212322066 | 建筑库101/101建筑库 19排1列3层/ [索取号:TU-856/Y162] | 在馆 | |
| 4 | 1232207 | 212322075 | 建筑库101/101建筑库 19排1列3层/ [索取号:TU-856/Y162] | 在馆 | |
| 5 | 1232208 | 212322084 | 建筑库101/101建筑库 19排1列3层/ [索取号:TU-856/Y162] | 在馆 | |
| 6 | 1232209 | 212322093 | 建筑库101/101建筑库 19排1列3层/ [索取号:TU-856/Y162] | 在馆 | |
| 7 | 1519332 | 215193323 | 建筑库101/101建筑库 19排1列3层/ [索取号:TU-856/Y162] | 在馆 | |
| 8 | 1519333 | 215193332 | 建筑库101/101建筑库 19排1列3层/ [索取号:TU-856/Y162] | 在馆 | |
| 9 | 1552334 | 215523342 | 建筑库101/101建筑库 19排1列3层/ [索取号:TU-856/Y162] | 在馆 | |
| 10 | 1552335 | 215523351 | 建筑库101/101建筑库 19排1列3层/ [索取号:TU-856/Y162] | 在馆 | |
| 11 | 1552336 | 215523360 | 建筑库101/101建筑库 19排1列3层/ [索取号:TU-856/Y162] | 在馆 | |
| 12 | 735356 | 207353567 | 建筑库101/101建筑库 19排1列3层/ [索取号:TU-856/Y162] | 在馆 | |
| 13 | 735357 | 207353576 | 建筑库101/101建筑库 19排1列3层/ [索取号:TU-856/Y162] | 在馆 | |
| 14 | 735358 | 207353585 | 建筑库101/101建筑库 19排1列3层/ [索取号:TU-856/Y162] | 在馆 |